000 00693nab a2200217 a 4500
005 20210219160720.0
008 991125s1985 mx 000 0 spa u
035 _aUPN01000171275
222 _aINFANCIA Y APRENDIZAJE =
222 _bJOURNAL FOR THE STUDY OF EDUCATION AND DEVELOPMENT
245 _aAdaptación de los inventarios MacArthur-Bates al euskara : desarrollo comunicativo entre los 8 y los 30 meses
260 _aMadrid, España
300 _a411-424
362 0 _a2008 Vol. 31, no. 4, nov.
653 0 _aDESARROLLO COMUNICATIVO
653 0 _aLENGUAJE
653 0 _aGESTOS COMUNICATIVOS
700 1 _aGarcía Borrego, Iñaki
700 1 _ecoaut.
905 _aArticulo
999 _c143380
_d143380